Histoire de la Conqueste du Mexique, ou de la Nouvelle Espagne (Record no. 7226)

MARC details
000 -CABECERA
campo de control de longitud fija 01265nam a2200325 a 4500
001 - NÚMERO DE CONTROL
campo de control BRCA_7552
005 - FECHA Y HORA DE LA ÚLTIMA TRANSACCIÓN
campo de control 20190320205902.0
008 - DATOS DE LONGITUD FIJA--INFORMACIÓN GENERAL
campo de control de longitud fija 010613s1714----fr-ab##f##---#001-0#fre-#
041 ## - CÓDIGO DE LENGUA
Código de lengua del texto/banda sonora o título independiente fre
044 ## - CÓDIGO DEL PAÍS DE LA ENTIDAD EDITORA/PRODUCTORA
Código MARC del país fr
050 #4 - SIGNATURA TOPOGRÁFICA DE LA BIBLIOTECA DEL CONGRESO
Número de clasificación F1219
Número de documento/Ítem .C67 1714
100 1# - ENTRADA PRINCIPAL--NOMBRE DE PERSONA
Nombre de persona Cortez, Fernand
Fechas asociadas al nombre 1485-1547
9 (RLIN) 9191
245 10 - MENCIÓN DE TÍTULO
Título Histoire de la Conqueste du Mexique, ou de la Nouvelle Espagne
Mención de responsabilidad, etc. par Fernand Cortez.
250 ## - MENCIÓN DE EDICIÓN
Mención de edición 4
260 ## - PUBLICACIÓN, DISTRIBUCIÓN, ETC.
Lugar de publicación, distribución, etc. Paris
Nombre del editor, distribuidor, etc. Compagnie des Libraires
Fecha de publicación, distribución, etc. 1714
300 ## - DESCRIPCIÓN FÍSICA
Extensión 2 v.
Otras características físicas il., mapas
Dimensiones 17 cm.
500 ## - NOTA GENERAL
Nota general Traduite de l´espagnol de Dom Antoine de Solis, par l´auteur du Triumvirat
500 ## - NOTA GENERAL
Nota general Ver también B210 (6a. ed. 1759), C119 (6a. ed. 1759 también en Caja Fuerte) y B358 (6a. ed. 1774)
500 ## - NOTA GENERAL
Nota general Dos ejemplares (Tomo I y Tomo II) inventariados por el Banco de México como un solo libro
500 ## - NOTA GENERAL
Nota general Ejemplares resguardados en Caja Fuerte
500 ## - NOTA GENERAL
Nota general Incluye tabla de materias
500 ## - NOTA GENERAL
Nota general Edición de cantos grabados
500 ## - NOTA GENERAL
Nota general Estado físico: esquinas de las tapas desvastadas y lomos carcomidos
500 ## - NOTA GENERAL
Nota general S108
505 0# - NOTA DE CONTENIDO CON FORMATO
Nota de contenido con formato v.1 Prefacio. Capítulo Primero.-- v.2 Tabla de Capítulos
650 14 - PUNTO DE ACCESO ADICIONAL DE MATERIA--TÉRMINO DE MATERIA
Término de materia o nombre geográfico como elemento de entrada Conquista de México
Subdivisión cronológica 1519-1540
9 (RLIN) 18626
651 #4 - PUNTO DE ACCESO ADICIONAL DE MATERIA--NOMBRE GEOGRÁFICO
Nombre geográfico México
Subdivisión general Historia
9 (RLIN) 614
902 ## - CATALOGADOR
Iniciales GFM
942 ## - ELEMENTOS DE PUNTO DE ACCESO ADICIONAL (KOHA)
Fuente del sistema de clasificación o colocación Library of Congress Classification
Tipo de ítem Koha Libros
Holdings
Estado de retiro Estado de pérdida Estado dañado No para préstamo Localización permanente Ubicación/localización actual Fecha de adquisición Número de inventario Total de préstamos Signatura topográfica completa Código de barras Fecha visto por última vez Precio válido a partir de Tipo de ítem Koha
El ejemplar forma parte de la colección y puede ser consultado según las políticas vigentes.       Biblioteca del Museo Franz Mayer (Rogerio Casas-Alatriste) Biblioteca del Museo Franz Mayer (Rogerio Casas-Alatriste) 01/06/2013 S108   F1219 .C67 1714 (S108) 8158 22/03/2019 22/03/2019 Libros